[Event "Toronto int."]
[Site "Toronto CAN"]
[Date "1997.05.19"]
[Round "5"]
[White "Craggs, Michael"]
[Black "Apostolov, Penka"]
[Result "0-1"]
[WhiteElo "1725"]
[BlackElo "2070"]
[PlyCount "70"]
[GameId "2160767911966052"]
[EventDate "1997.05.16"]
[EventType "swiss"]
[EventRounds "7"]
[EventCountry "CAN"]

1. c4 c5 2. Nf3 Nf6 3. Nc3 Nc6 4. g3 g6 5. d3 Bg7 6. Bg5 d6 7. Bg2 h6 8. Bd2 Bd7 9. e3 Nb4 10. Bc1 Rb8 11. a3 Nc6 12. h3 O-O 13. O-O Qc8 14. Kh2 a6 15. b3 b5 16. Ra2 b4 17. Ne2 bxa3 18. Rxa3 Nb4 19. d4 Bf5 20. Nh4 Bd3 21. Rg1 g5 22. Nf3 Ne4 23. Ne1 Nxf2 24. Qd2 Bf5 25. Nc3 Nxh3 26. e4 Bd7 27. Rf1 Bxd4 28. Nf3 g4 29. Nh4 Ng5 30. Bb2 Be5 31. Nb1 Bxb2 32. Qxb2 Nd3 33. Qd2 Ne5 34. Nf5 Bxf5 35. Rxf5 Qxf5 0-1

[Event "Toronto int."]
[Site "Toronto CAN"]
[Date "1997.05.19"]
[Round "6"]
[White "Findlay, Ian"]
[Black "Milicevic, Goran"]
[Result "1/2-1/2"]
[WhiteElo "2435"]
[BlackElo "2380"]
[PlyCount "78"]
[GameId "2160767911966054"]
[EventDate "1997.05.16"]
[EventType "swiss"]
[EventRounds "7"]
[EventCountry "CAN"]

1. e4 e6 2. d4 d5 3. Nd2 Nf6 4. e5 Nfd7 5. Bd3 c5 6. c3 Nc6 7. Ngf3 Be7 8. O-O cxd4 9. cxd4 a5 10. a3 a4 11. Nb1 Nb6 12. Nc3 Bd7 13. Bc2 Nb8 14. Re1 Bc6 15. h3 N8d7 16. Nh2 h5 17. Rb1 Nf8 18. Re3 f5 19. exf6 gxf6 20. Rg3 h4 21. Rg7 f5 22. Nf3 Bf6 23. Bg5 Nh7 24. Qe2 Nxg5 25. Nxg5 Bxg7 26. Nxe6 Qe7 27. Nxg7+ Kf7 28. Qxe7+ Kxe7 29. Nxf5+ Kf6 30. Ne3 Rhe8 31. Ng4+ Ke7 32. Ne5 Kd6 33. Ng6 Nc4 34. Nxh4 b5 35. Nf5+ Kc7 36. Bd3 Rab8 37. Na2 Bd7 38. Nb4 Nd2 39. Rd1 Nc4 1/2-1/2

[Event "Toronto int."]
[Site "Toronto CAN"]
[Date "1997.05.19"]
[Round "6"]
[White "Gregorz, Ralph"]
[Black "Campbell, Brett"]
[Result "1-0"]
[WhiteElo "2137"]
[BlackElo "2325"]
[PlyCount "83"]
[GameId "2160767911966055"]
[EventDate "1997.05.16"]
[EventType "swiss"]
[EventRounds "7"]
[EventCountry "CAN"]

1. c4 f5 2. d4 g6 3. g3 Nf6 4. Bg2 Bg7 5. Nc3 O-O 6. Nh3 d6 7. d5 c5 8. Nf4 Na6 9. O-O Nc7 10. Nd3 Rb8 11. a4 e5 12. dxe6 Bxe6 13. Qb3 b6 14. Nf4 Bf7 15. Nfd5 Ncxd5 16. Nxd5 Nxd5 17. cxd5 a6 18. Bd2 Re8 19. Rfe1 b5 20. Bc3 c4 21. Qc2 Bxc3 22. Qxc3 Re5 23. axb5 axb5 24. Rad1 Qb6 25. e3 Qc5 26. Qd4 Qxd4 27. Rxd4 Ra8 28. Rb1 Ra4 29. Kf1 Re8 30. Ke1 g5 31. Bf3 Rea8 32. Kd2 Kg7 33. Kc3 Rc8 34. Kd2 b4 35. Be2 c3+ 36. bxc3 Ra2+ 37. Ke1 Rxc3 38. Rd2 b3 39. Bd1 Bxd5 40. Rxd5 b2 41. Rb5 Rc1 42. R5xb2 1-0

[Event "Toronto int."]
[Site "Toronto CAN"]
[Date "1997.05.19"]
[Round "6"]
[White "Guervitch, Dmitry"]
[Black "Teodoro, Eduardo"]
[Result "1/2-1/2"]
[WhiteElo "2580"]
[BlackElo "2440"]
[PlyCount "74"]
[GameId "2160767911966056"]
[EventDate "1997.05.16"]
[EventType "swiss"]
[EventRounds "7"]
[EventCountry "CAN"]
[SourceTitle "CFC 1997.08"]

1. d4 Nf6 2. c4 e6 3. g3 c5 4. Nf3 b6 5. Bg2 Bb7 6. O-O Be7 7. d5 exd5 8. Nh4 g6 9. cxd5 d6 10. e4 Nfd7 11. Nf3 O-O 12. Bf4 b5 13. a4 b4 14. a5 Na6 15. Nbd2 f5 16. Bh6 Rf7 17. h4 fxe4 18. Nxe4 Nc7 19. Nfg5 Rf5 20. Ne6 Qc8 21. Nxc7 Qxc7 22. a6 Bxd5 23. g4 Re5 24. f4 Qc6 25. fxe5 Bxe4 26. Bxe4 Qxe4 27. Re1 Qc6 28. Qb3+ c4 29. Qxb4 Rb8 30. Qa4 Qf3 31. Qxc4+ d5 32. Qe2 Qg3+ 33. Qg2 Bc5+ 34. Kf1 Qd3+ 35. Qe2 Qh3+ 36. Qg2 Qd3+ 37. Qe2 Qh3+ 1/2-1/2

[Event "Toronto int."]
[Site "Toronto CAN"]
[Date "1997.05.19"]
[Round "6"]
[White "Heringer, Chris"]
[Black "Schleifer, Michael"]
[Result "0-1"]
[WhiteElo "2230"]
[BlackElo "2439"]
[PlyCount "103"]
[GameId "2160767911966057"]
[EventDate "1997.05.16"]
[EventType "swiss"]
[EventRounds "7"]
[EventCountry "CAN"]

1. e4 g6 2. d4 Bg7 3. c3 d6 4. f4 Nf6 5. Bd3 O-O 6. Nf3 c5 7. dxc5 Nbd7 8. Nbd2 Nxc5 9. Bc2 b5 10. Qe2 Qb6 11. Nb3 a5 12. Nxc5 dxc5 13. O-O Be6 14. Ne5 c4+ 15. Be3 Qc7 16. g4 Rfd8 17. g5 Nh5 18. Ng4 b4 19. f5 Bd7 20. Nh6+ Bxh6 21. gxh6 Rab8 22. Rab1 Be8 23. Qf2 Qc6 24. Bd4 g5 25. f6 Nf4 26. Qf3 Rxd4 27. cxd4 Qxf6 28. e5 Qxh6 29. Qg4 Qg7 30. Be4 Rd8 31. Rbd1 Ba4 32. Rc1 Bd7 33. Qf3 Bb5 34. Qe3 Kf8 35. Kf2 Qh6 36. Rh1 c3 37. bxc3 Ne2 38. h4 Nxc1 39. hxg5 Qe6 40. Rxh7 Qxa2+ 41. Kg1 Ne2+ 42. Kh1 Qa1+ 43. Kg2 Qxc3 44. Qf2 Qg3+ 45. Qxg3 Nxg3 46. Rh8+ Kg7 47. Rxd8 Nxe4 48. Ra8 a4 49. Rb8 Nc3 50. d5 a3 51. d6 Bc6+ 52. Kg3 0-1

[Event "Toronto int."]
[Site "Toronto CAN"]
[Date "1997.05.19"]
[Round "6"]
[White "Hua, Lefong"]
[Black "Allan, Denis"]
[Result "0-1"]
[WhiteElo "2276"]
[BlackElo "2394"]
[PlyCount "116"]
[GameId "2160767911966058"]
[EventDate "1997.05.16"]
[EventType "swiss"]
[EventRounds "7"]
[EventCountry "CAN"]

1. d4 Nf6 2. c4 d6 3. Nc3 e5 4. dxe5 dxe5 5. Qxd8+ Kxd8 6. Nf3 Nfd7 7. e4 f6 8. Be2 c6 9. O-O a5 10. b3 Na6 11. Rd1 Kc7 12. Ne1 Bb4 13. Bb2 Nac5 14. Bd3 a4 15. Nxa4 Nxa4 16. bxa4 Rxa4 17. Bc2 Ra8 18. Nd3 Ba3 19. Bc3 Re8 20. Rd2 Nb6 21. Bb3 Na4 22. Bxa4 Rxa4 23. Rc2 Bf8 24. Bd2 Be6 25. Nb2 Ra6 26. Be3 Ra3 27. Nd1 Rea8 28. h3 R3a4 29. Rb1 Rxa2 30. Bb6+ Kc8 31. Rxa2 Rxa2 32. c5 Be7 33. Ne3 g6 34. g4 Ra4 35. f3 Ra3 36. Kf2 Ra2+ 37. Kf1 h5 38. Kg1 Re2 39. Ng2 hxg4 40. hxg4 Rc2 41. Rd1 Bb3 42. Rb1 Rc3 43. Nh4 Bf7 44. Kf2 f5 45. Ng2 fxg4 46. fxg4 Bxc5+ 47. Bxc5 Rxc5 48. Rh1 b5 49. Ne3 b4 50. Rh8+ Kd7 51. Rb8 b3 52. Rb7+ Ke8 53. g5 Be6 54. Ke2 Kd8 55. Kd3 Kc8 56. Rb4 Kc7 57. Kd2 Ra5 58. Kc3 c5 0-1

[Event "Toronto int."]
[Site "Toronto CAN"]
[Date "1997.05.19"]
[Round "6"]
[White "Kamberi, Sonny"]
[Black "Ruiz, Richard"]
[Result "1/2-1/2"]
[WhiteElo "2318"]
[BlackElo "2151"]
[PlyCount "52"]
[GameId "2160767911966059"]
[EventDate "1997.05.16"]
[EventType "swiss"]
[EventRounds "7"]
[EventCountry "CAN"]

1. e4 Nc6 2. d4 e5 3. Nf3 exd4 4. Bc4 Be7 5. c3 d6 6. Qb3 Kf8 7. cxd4 Na5 8. Qa4 Nxc4 9. Qxc4 Bg4 10. Nc3 c6 11. Qd3 Nf6 12. O-O h5 13. h3 Bxf3 14. Qxf3 Nd7 15. Bf4 Qb6 16. Rad1 Qa5 17. Rfe1 g5 18. Bg3 Rh6 19. e5 dxe5 20. dxe5 Nc5 21. a3 Ne6 22. Ne4 Rd8 23. Nd6 Bxd6 24. exd6 Rd7 25. Re5 Qd8 26. Rde1 Qf6 1/2-1/2

[Event "Toronto int."]
[Site "Toronto CAN"]
[Date "1997.05.19"]
[Round "6"]
[White "Kiviaho, Robert"]
[Black "Tipu, Vincent"]
[Result "1-0"]
[WhiteElo "2331"]
[BlackElo "2367"]
[PlyCount "121"]
[GameId "2160767911966060"]
[EventDate "1997.05.16"]
[EventType "swiss"]
[EventRounds "7"]
[EventCountry "CAN"]

1. e4 e5 2. Nf3 Nc6 3. Bb5 f5 4. Nc3 fxe4 5. Nxe4 d5 6. Nxe5 dxe4 7. Nxc6 Qd5 8. c4 Qd6 9. Nxa7+ Bd7 10. Bxd7+ Qxd7 11. Qh5+ g6 12. Qe5+ Kf7 13. Nb5 c6 14. Nc3 Re8 15. Qf4+ Nf6 16. b3 Bd6 17. Qe3 Ng4 18. Qe2 Bc5 19. O-O Rhf8 20. Nxe4 Bd4 21. Ba3 c5 22. h3 Nxf2 23. Rxf2+ Kg8 24. Raf1 Rxf2 25. Rxf2 Bxf2+ 26. Qxf2 Rxe4 27. Bxc5 Qe8 28. Be3 Qe5 29. Qf3 Qa1+ 30. Kh2 Qe5+ 31. Qg3 Qe7 32. Kg1 Kg7 33. c5 Kf7 34. a3 h5 35. b4 h4 36. Qf3+ Kg7 37. b5 Rc4 38. Kf2 Rxc5 39. Bxc5 Qxc5+ 40. Qe3 Qf5+ 41. Kg1 Qxb5 42. Qd4+ Kg8 43. a4 Qg5 44. Qe3 Qd5 45. d4 Qc4 46. a5 Qd5 47. Qe5 Qxe5 48. dxe5 Kf7 49. Kf2 Ke6 50. Kf3 Kxe5 51. Kg4 Kd5 52. Kxh4 Kc5 53. Kg5 Kb5 54. g4 Kxa5 55. h4 b5 56. h5 gxh5 57. gxh5 b4 58. h6 b3 59. h7 Kb4 60. h8=Q Ka3 61. Qa1+ 1-0

[Event "Toronto int."]
[Site "Toronto CAN"]
[Date "1997.05.19"]
[Round "6"]
[White "Krupka, David"]
[Black "Thiele, Frank"]
[Result "1-0"]
[WhiteElo "2300"]
[BlackElo "2076"]
[PlyCount "79"]
[GameId "2160767911966061"]
[EventDate "1997.05.16"]
[EventType "swiss"]
[EventRounds "7"]
[EventCountry "CAN"]

1. d4 Nf6 2. c4 g6 3. Nc3 Bg7 4. e4 d6 5. Nf3 O-O 6. Be2 e5 7. O-O Nc6 8. d5 Ne7 9. Ne1 Nd7 10. f3 f5 11. g4 Rf7 12. Nd3 a6 13. Be3 c5 14. a3 Rb8 15. b4 b6 16. Rb1 Kh8 17. Rb2 Qf8 18. Bf2 Bh6 19. h3 Ng8 20. Qb1 Ngf6 21. bxc5 dxc5 22. a4 a5 23. Kg2 Ba6 24. Ne1 Ne8 25. Nc2 Nd6 26. Na3 Bf4 27. Bd3 Qh6 28. Rh1 Be3 29. Qe1 Bf4 30. Ne2 fxe4 31. fxe4 Rbf8 32. Nxf4 Qxf4 33. Qe3 Qf3+ 34. Kh2 Qf4+ 35. Kg2 Qf3+ 36. Kh2 Rf4 37. Re1 Qxe3 38. Bxe3 Rf3 39. Kg2 R3f7 40. Rbb1 1-0

[Event "Toronto int."]
[Site "Toronto CAN"]
[Date "1997.05.19"]
[Round "6"]
[White "Linskiy, Oleg"]
[Black "Vranesic, Zvonko"]
[Result "1-0"]
[WhiteElo "2415"]
[BlackElo "2348"]
[PlyCount "57"]
[GameId "2160767911966062"]
[EventDate "1997.05.16"]
[EventType "swiss"]
[EventRounds "7"]
[EventCountry "CAN"]

1. e4 c5 2. Nf3 e6 3. Nc3 Nc6 4. d4 cxd4 5. Nxd4 a6 6. g3 Qc7 7. Bg2 Nf6 8. O-O Be7 9. Nb3 O-O 10. a4 b6 11. f4 d6 12. g4 Bb7 13. g5 Nd7 14. Kh1 Nc5 15. Be3 Rfe8 16. Rf3 Bf8 17. Rh3 g6 18. Qe1 Nb4 19. Nd4 e5 20. Qh4 f6 21. gxf6 exd4 22. f5 dxe3 23. fxg6 Re7 24. Rf1 h6 25. f7+ Rxf7 26. gxf7+ Kh7 27. Qg4 Be7 28. Rxh6+ Kxh6 29. Rf5 1-0

[Event "Toronto int."]
[Site "Toronto CAN"]
[Date "1997.05.19"]
[Round "6"]
[White "Livshits, Ron"]
[Black "Day, Lawrence"]
[Result "1/2-1/2"]
[WhiteElo "2485"]
[BlackElo "2486"]
[PlyCount "83"]
[GameId "2160767911966063"]
[EventDate "1997.05.16"]
[EventType "swiss"]
[EventRounds "7"]
[EventCountry "CAN"]

1. d4 Nc6 2. c4 e5 3. d5 Nce7 4. Nc3 d6 5. e4 g6 6. g4 f5 7. gxf5 gxf5 8. Bg5 Bg7 9. Qh5+ Kf8 10. Bh3 f4 11. Bxc8 Rxc8 12. Nf3 Qe8 13. Qh3 Nf6 14. Bxf6 Bxf6 15. Rg1 Qf7 16. O-O-O Rg8 17. Rg4 Rg6 18. Rdg1 Kg7 19. Rxg6+ hxg6 20. Qg4 a6 21. h4 Rg8 22. h5 g5 23. Rh1 Kh6 24. Rh3 Qf8 25. Nh2 Qc8 26. Ne2 Qxg4 27. Nxg4+ Kg7 28. Rb3 Rb8 29. Rc3 Ng8 30. Ng1 Be7 31. Nf3 Nf6 32. Nxf6 Kxf6 33. Nh2 g4 34. Nxg4+ Kg5 35. f3 Kxh5 36. c5 Kh4 37. cxd6 Bxd6 38. Kd1 Kg3 39. Ke2 Rh8 40. Rc1 Kg2 41. Rf1 Rh3 42. b3 1/2-1/2

[Event "Toronto int."]
[Site "Toronto CAN"]
[Date "1997.05.19"]
[Round "6"]
[White "Nash, Barry"]
[Black "Hum, Peter"]
[Result "1-0"]
[WhiteElo "2362"]
[BlackElo "2237"]
[PlyCount "73"]
[GameId "2160767911966064"]
[EventDate "1997.05.16"]
[EventType "swiss"]
[EventRounds "7"]
[EventCountry "CAN"]

1. d4 Nf6 2. c4 g6 3. Nc3 Bg7 4. e4 d6 5. f3 O-O 6. Be3 Nbd7 7. Qd2 c5 8. Nge2 a6 9. d5 Ne5 10. Nc1 e6 11. Be2 exd5 12. exd5 Re8 13. Nb3 Qe7 14. Kf2 Bd7 15. a4 Rab8 16. h3 Bf5 17. Bg5 Qf8 18. g4 Bc8 19. h4 Nfd7 20. Rag1 b5 21. axb5 axb5 22. Nxb5 Nb6 23. Nc7 Re7 24. Bxe7 Qxe7 25. Nb5 Nbxc4 26. Qc2 Nxb2 27. Re1 Qf6 28. Kg3 Rxb5 29. g5 Bf5 30. Qxb2 Qd8 31. Bxb5 Nd3 32. Qe2 Be5+ 33. f4 Nxf4 34. Qf3 Nxd5+ 35. Rxe5 dxe5 36. Rd1 e4 37. Qf4 1-0

[Event "Toronto int."]
[Site "Toronto CAN"]
[Date "1997.05.19"]
[Round "6"]
[White "Nickoloff, Bryon"]
[Black "Filipovich, David"]
[Result "1-0"]
[WhiteElo "2475"]
[BlackElo "2332"]
[PlyCount "59"]
[GameId "2160767911966065"]
[EventDate "1997.05.16"]
[EventType "swiss"]
[EventRounds "7"]
[EventCountry "CAN"]

1. d4 Nf6 2. c4 g6 3. Nc3 d5 4. cxd5 Nxd5 5. e4 Nxc3 6. bxc3 Bg7 7. Bc4 O-O 8. Ne2 Nc6 9. Be3 Na5 10. Bd3 b6 11. Qd2 Bb7 12. Bh6 Qd6 13. O-O c5 14. Bxg7 Kxg7 15. d5 f5 16. Nf4 fxe4 17. Ne6+ Kg8 18. Qh6 Rf7 19. Bxe4 Qe5 20. Rae1 Qh5 21. Qxh5 gxh5 22. Rd1 Nc4 23. Rfe1 Nd6 24. Ng5 Nxe4 25. Nxf7 Nxc3 26. Nh6+ Kg7 27. Rd3 Kxh6 28. Re6+ Kg5 29. Rxc3 Bxd5 30. Re5+ 1-0

[Event "Toronto int."]
[Site "Toronto CAN"]
[Date "1997.05.19"]
[Round "6"]
[White "Perovic, Bozidar"]
[Black "Craggs, Michael"]
[Result "1-0"]
[WhiteElo "1935"]
[BlackElo "1725"]
[PlyCount "49"]
[GameId "2160767911966066"]
[EventDate "1997.05.16"]
[EventType "swiss"]
[EventRounds "7"]
[EventCountry "CAN"]

1. f4 e6 2. Nf3 Nf6 3. e3 d5 4. b3 g6 5. Bb2 Bg7 6. Ba3 Ne4 7. c3 Nd6 8. d4 O-O 9. Bd3 Re8 10. O-O Nd7 11. Nbd2 b6 12. Ne5 Nf5 13. Qf3 Bxe5 14. fxe5 Bb7 15. g4 Qg5 16. Kh1 Nxe3 17. Qxf7+ Kh8 18. Nf3 Nxe5 19. Nxg5 Nxf7 20. Rxf7 h6 21. Rh7+ Kg8 22. Rxh6 Nxg4 23. Rxg6+ Kh8 24. Nf7+ Kh7 25. Rxg4# 1-0

[Event "Toronto int."]
[Site "Toronto CAN"]
[Date "1997.05.19"]
[Round "6"]
[White "Rajlich, Vasik"]
[Black "Vukadinov, Milan"]
[Result "1/2-1/2"]
[WhiteElo "2341"]
[BlackElo "2390"]
[PlyCount "61"]
[GameId "2160767911966067"]
[EventDate "1997.05.16"]
[EventType "swiss"]
[EventRounds "7"]
[EventCountry "CAN"]

1. e4 c5 2. Nf3 Nc6 3. d4 cxd4 4. Nxd4 e6 5. Nc3 Qc7 6. f4 a6 7. Nxc6 Qxc6 8. Bd3 b5 9. Qe2 Bb7 10. Bd2 Qc7 11. O-O b4 12. Nd1 Nf6 13. Kh1 Be7 14. c4 bxc3 15. Nxc3 Qb8 16. b3 d6 17. Rac1 e5 18. f5 O-O 19. Bc4 Qd8 20. Rfd1 h6 21. Rc2 Qd7 22. Bc1 Rfc8 23. Rcd2 Qc7 24. Rd3 Kf8 25. g4 Rd8 26. g5 hxg5 27. Rh3 Ke8 28. Bxg5 Nxe4 29. Bxf7+ Kxf7 30. Qh5+ Kf8 31. Qh8+ 1/2-1/2

[Event "Toronto int."]
[Site "Toronto CAN"]
[Date "1997.05.19"]
[Round "6"]
[White "Spraggett, Grant"]
[Black "Ochkoos, Jura"]
[Result "1/2-1/2"]
[WhiteElo "2432"]
[BlackElo "2360"]
[PlyCount "124"]
[GameId "2160767911966068"]
[EventDate "1997.05.16"]
[EventType "swiss"]
[EventRounds "7"]
[EventCountry "CAN"]

1. c4 e5 2. g3 Nf6 3. Bg2 d5 4. cxd5 Nxd5 5. Nc3 Nb6 6. Nf3 Bd6 7. O-O O-O 8. d3 c5 9. Nd2 Nc6 10. Bxc6 bxc6 11. Re1 f5 12. Nf1 Be6 13. b3 Qf6 14. Bb2 h5 15. e3 Qg6 16. Qe2 h4 17. f3 hxg3 18. hxg3 Kf7 19. Qg2 Rh8 20. f4 Rac8 21. Re2 Rh6 22. Nd2 Rch8 23. Nf3 Qg4 24. Kf2 Rh5 25. Rg1 Nd7 26. Ke1 Be7 27. fxe5 Qb4 28. Kd1 g5 29. Nb1 Qb5 30. Ne1 Qa6 31. Bc3 Ke8 32. Qf1 Kd8 33. Rf2 Nb6 34. e4 fxe4 35. dxe4 c4 36. Qe2 Qb5 37. b4 Bxb4 38. Qd2+ Kc8 39. Bxb4 Rd8 40. Bd6 Qxb1+ 41. Ke2 Qxe4+ 42. Qe3 Bg4+ 43. Nf3 Bxf3+ 44. Rxf3 Rh2+ 45. Rf2 Qd3+ 46. Qxd3 cxd3+ 47. Ke1 Rxf2 48. Kxf2 Nc4 49. Be7 Re8 50. Bxg5 Rxe5 51. Bf4 Re2+ 52. Kf3 Rxa2 53. g4 Re2 54. Rc1 Rc2 55. Rxc2 dxc2 56. Ke4 Kd7 57. Kd4 Nb6 58. Bd2 Nd5 59. Kc4 a5 60. Kb3 Nb4 61. g5 Ke6 62. Ka4 Nd3 1/2-1/2

[Event "Toronto int."]
[Site "Toronto CAN"]
[Date "1997.05.19"]
[Round "6"]
[White "Turtel, Evan"]
[Black "Boross-Harmer, Peter"]
[Result "0-1"]
[WhiteElo "2111"]
[BlackElo "2044"]
[PlyCount "62"]
[GameId "2160767911966069"]
[EventDate "1997.05.16"]
[EventType "swiss"]
[EventRounds "7"]
[EventCountry "CAN"]

1. e4 e6 2. d4 d5 3. Nc3 Nf6 4. e5 Nfd7 5. f4 b6 6. Be2 Ba6 7. Bf3 c5 8. Nxd5 Nc6 9. Ne3 Nxd4 10. Be4 Rc8 11. c4 Nb8 12. Nf3 Be7 13. O-O Nbc6 14. b3 Qc7 15. Nxd4 Nxd4 16. b4 O-O 17. b5 Bb7 18. Bd3 Rfd8 19. Kh1 Rd7 20. Qg4 Bf8 21. Bb2 Nxb5 22. Nd5 exd5 23. Rf3 g6 24. cxb5 d4 25. Rh3 c4 26. Bxc4 Qxc4 27. Qxd7 Bxg2+ 28. Kxg2 Qe2+ 29. Kg3 Qe3+ 30. Kg4 h5+ 31. Kg5 Bh6+ 0-1

[Event "Toronto int."]
[Site "Toronto CAN"]
[Date "1997.05.19"]
[Round "7"]
[White "Ciaffone, Robert"]
[Black "Apostolov, Penka"]
[Result "1-0"]
[WhiteElo "2305"]
[BlackElo "2070"]
[PlyCount "71"]
[GameId "2160767911966071"]
[EventDate "1997.05.16"]
[EventType "swiss"]
[EventRounds "7"]
[EventCountry "CAN"]

1. Nf3 c5 2. c4 Nc6 3. d4 cxd4 4. Nxd4 Nf6 5. Nc3 g6 6. e4 d6 7. Be2 Bg7 8. Be3 O-O 9. O-O Bd7 10. Rc1 Nxd4 11. Bxd4 Bc6 12. Qd3 e6 13. Rfd1 Qe7 14. Be3 a6 15. Bf3 Rfd8 16. Bb6 Rd7 17. b3 Ne8 18. Nd5 Qg5 19. Be3 Qd8 20. Nb6 Bb2 21. Rc2 Be5 22. g3 f5 23. Nxd7 Qxd7 24. Bg2 b5 25. cxb5 Bxb5 26. Qd2 fxe4 27. Bxe4 d5 28. Bg2 a5 29. Bd4 Bxd4 30. Qxd4 a4 31. Qe5 axb3 32. axb3 Ra3 33. Bh3 Ra6 34. Re1 Bd3 35. Rd2 Bf5 36. g4 1-0

[Event "Toronto int."]
[Site "Toronto CAN"]
[Date "1997.05.19"]
[Round "7"]
[White "Day, Lawrence"]
[Black "Kiviaho, Robert"]
[Result "1-0"]
[WhiteElo "2486"]
[BlackElo "2331"]
[PlyCount "76"]
[GameId "2160767911966072"]
[EventDate "1997.05.16"]
[EventType "swiss"]
[EventRounds "7"]
[EventCountry "CAN"]

1. e4 c5 2. Nc3 Nc6 3. f4 g6 4. Nf3 Bg7 5. a3 a6 6. d3 f5 7. exf5 gxf5 8. Ne5 Nf6 9. Be2 O-O 10. Nxc6 bxc6 11. Bf3 Qc7 12. Be3 Rb8 13. Rb1 Ng4 14. Bxg4 Rxb2 15. Ne2 Rxb1 16. Qxb1 fxg4 17. Qb3+ Kh8 18. Bxc5 d6 19. Be3 c5 20. O-O Bb7 21. Rb1 Bc6 22. d4 Ba8 23. c4 Be4 24. Rb2 e5 25. fxe5 dxe5 26. d5 h5 27. Ng3 Qa5 28. Bd2 Qc7 29. Nxe4 Qf7 30. Qd3 h4 31. Be3 Qg6 32. Bxc5 g3 33. Bxf8 Bxf8 34. Qf3 Bg7 35. Rb8+ Kh7 36. d6 h3 37. hxg3 h2+ 38. Kxh2 Kh6 1-0

[Event "Toronto int."]
[Site "Toronto CAN"]
[Date "1997.05.19"]
[Round "7"]
[White "Djerkovic, Miladin"]
[Black "Nickoloff, Bryon"]
[Result "1/2-1/2"]
[WhiteElo "2388"]
[BlackElo "2475"]
[PlyCount "98"]
[GameId "2160767911966073"]
[EventDate "1997.05.16"]
[EventType "swiss"]
[EventRounds "7"]
[EventCountry "CAN"]

1. e4 c5 2. Nf3 d6 3. d4 cxd4 4. Nxd4 Nf6 5. Nc3 a6 6. Be2 e6 7. Be3 Qc7 8. f4 b5 9. a3 Bb7 10. Bf3 Nbd7 11. Qe2 Rc8 12. Nb3 Nb6 13. Na5 Ba8 14. O-O d5 15. Bf2 dxe4 16. Nxe4 Bxe4 17. Bxe4 Nxe4 18. Qxe4 Nd5 19. Qe1 Qxc2 20. Rc1 Qxc1 21. Qxc1 Rxc1 22. Rxc1 Kd7 23. Rc6 Bd6 24. Rxa6 Bxf4 25. Ra7+ Bc7 26. Nb3 e5 27. Nc5+ Kc6 28. Nd3 Rb8 29. Ra6+ Nb6 30. Kf1 f6 31. b3 Ra8 32. Nb4+ Kd7 33. Rxa8 Nxa8 34. Nd5 Bd6 35. a4 bxa4 36. bxa4 Kc6 37. Nc3 Bb4 38. Na2 Ba5 39. Be1 Bc7 40. Ke2 Nb6 41. Nc3 Bd6 42. a5 Nc4 43. Ne4 Bc7 44. a6 Bb6 45. Bb4 Kd5 46. Nc3+ Kc6 47. Ne4 Ne3 48. Bc5 Nxg2 49. a7 Bxa7 1/2-1/2

[Event "Toronto int."]
[Site "Toronto CAN"]
[Date "1997.05.19"]
[Round "7"]
[White "Filipovich, David"]
[Black "Heringer, Chris"]
[Result "1-0"]
[WhiteElo "2332"]
[BlackElo "2230"]
[PlyCount "35"]
[GameId "2160767911966074"]
[EventDate "1997.05.16"]
[EventType "swiss"]
[EventRounds "7"]
[EventCountry "CAN"]

1. Nf3 c5 2. g3 g6 3. Bg2 Bg7 4. d4 Nf6 5. O-O cxd4 6. Nxd4 O-O 7. c4 Nc6 8. Nc3 Ne8 9. Bxc6 Qb6 10. Nd5 Qxd4 11. Nxe7+ Kh8 12. Qxd4 Bxd4 13. Bg2 Nc7 14. Rd1 Ne6 15. Rb1 Rb8 16. b3 b5 17. cxb5 Rxb5 18. Rxd4 1-0

[Event "Toronto int."]
[Site "Toronto CAN"]
[Date "1997.05.19"]
[Round "7"]
[White "Gregorz, Ralph"]
[Black "Krupka, David"]
[Result "1/2-1/2"]
[WhiteElo "2137"]
[BlackElo "2300"]
[PlyCount "51"]
[GameId "2160767911966075"]
[EventDate "1997.05.16"]
[EventType "swiss"]
[EventRounds "7"]
[EventCountry "CAN"]

1. c4 Nf6 2. Nf3 c5 3. Nc3 Nc6 4. g3 e6 5. Bg2 d5 6. cxd5 exd5 7. d4 Be7 8. O-O O-O 9. Bg5 cxd4 10. Nxd4 Be6 11. Rc1 Qa5 12. Nxc6 bxc6 13. Qa4 Qb6 14. Qc2 Rac8 15. Na4 Qb5 16. b3 Rfe8 17. Nc5 Bg4 18. e3 h6 19. Bxf6 Bxf6 20. Rfe1 Bh5 21. Qd2 Bg6 22. Bf1 Qb6 23. Nd7 Qd8 24. Nxf6+ Qxf6 25. Qc3 Qxc3 26. Rxc3 1/2-1/2

[Event "Toronto int."]
[Site "Toronto CAN"]
[Date "1997.05.19"]
[Round "7"]
[White "Milicevic, Goran"]
[Black "Livshits, Ron"]
[Result "1-0"]
[WhiteElo "2380"]
[BlackElo "2485"]
[PlyCount "85"]
[GameId "2160767911966076"]
[EventDate "1997.05.16"]
[EventType "swiss"]
[EventRounds "7"]
[EventCountry "CAN"]

1. d4 d5 2. Nf3 Nf6 3. Bf4 c6 4. c3 Bf5 5. e3 e6 6. Nbd2 Nbd7 7. Be2 h6 8. Ne5 Nxe5 9. Bxe5 Bd6 10. Qb3 Rb8 11. Nf3 O-O 12. O-O Bg4 13. Qc2 Rc8 14. Bxd6 Qxd6 15. Ne5 Bxe2 16. Qxe2 Rfe8 17. b4 Nd7 18. f4 f6 19. Nd3 e5 20. Qg4 b6 21. Kh1 c5 22. bxc5 bxc5 23. Rab1 Rb8 24. Rxb8 Rxb8 25. fxe5 fxe5 26. dxc5 Nxc5 27. Nxc5 Qxc5 28. Qe6+ Kh8 29. Qxe5 Qb5 30. Kg1 Re8 31. c4 Rxe5 32. cxb5 Rxe3 33. Rf8+ Kh7 34. Ra8 Re7 35. a4 Kg6 36. Kf2 Kf5 37. Rb8 d4 38. a5 d3 39. a6 Re5 40. g4+ Ke6 41. Re8+ Kf6 42. Rxe5 Kxe5 43. b6 1-0

[Event "Toronto int."]
[Site "Toronto CAN"]
[Date "1997.05.19"]
[Round "7"]
[White "Nash, Barry"]
[Black "Hua, Lefong"]
[Result "0-1"]
[WhiteElo "2362"]
[BlackElo "2276"]
[PlyCount "58"]
[GameId "2160767911966077"]
[EventDate "1997.05.16"]
[EventType "swiss"]
[EventRounds "7"]
[EventCountry "CAN"]

1. d4 Nf6 2. c4 g6 3. Nc3 Bg7 4. e4 d6 5. f3 O-O 6. Be3 e5 7. d5 Nh5 8. Bd3 f5 9. exf5 gxf5 10. Qd2 Na6 11. Bg5 Qe8 12. O-O-O Nc5 13. Bc2 Bd7 14. Nge2 Kh8 15. Rdf1 a6 16. g4 fxg4 17. fxg4 Bxg4 18. b4 Nd7 19. Qd3 Rxf1+ 20. Rxf1 e4 21. Qe3 Bxe2 22. Nxe2 Qe5 23. Rf7 Nb6 24. Rxc7 Rf8 25. Bh4 Qb2+ 26. Kd1 Rf1+ 27. Be1 Qa1+ 28. Qc1 Bc3 29. Rxh7+ Kg8 0-1

[Event "Toronto int."]
[Site "Toronto CAN"]
[Date "1997.05.19"]
[Round "7"]
[White "Ruiz, Richard"]
[Black "Craggs, Michael"]
[Result "1-0"]
[WhiteElo "2151"]
[BlackElo "1725"]
[PlyCount "39"]
[GameId "2160767911966078"]
[EventDate "1997.05.16"]
[EventType "swiss"]
[EventRounds "7"]
[EventCountry "CAN"]

1. Nf3 e6 2. d4 Nf6 3. Bg5 Be7 4. e3 c5 5. Bd3 cxd4 6. exd4 Nd5 7. Bxe7 Qxe7 8. O-O O-O 9. Nbd2 Nf4 10. Ne4 d5 11. Ng3 Nxd3 12. Qxd3 b6 13. Rfe1 Ba6 14. Qd2 Qf6 15. Ne5 Bb7 16. Re3 g6 17. Rae1 Qe7 18. Ng4 Nd7 19. Rf3 Nf6 20. Nxf6+ 1-0